Historia de las clases trabajadoras / (Record no. 70748)

MARC details
000 -LEADER
campo de control de longitud fija 01175nam a2200289 i 4500
001 - NÚMERO DE CONTROL
campo de control 70748
003 - IDENTIFICADOR DE NÚMERO DE CONTROL
campo de control ES-MaACL
005 - FECHA Y HORA DE LA ÚLTIMA TRANSACCIÓN
campo de control 20250906063052.0
007 - CAMPO FIJO DE DESCRIPCIÓN FÍSICA--INFORMACIÓN GENERAL
campo de control de longitud fija t|
008 - DATOS DE LONGITUD FIJA--INFORMACIÓN GENERAL
campo de control de longitud fija 040802s19701971sp ||||1| spa d
080 ## - NÚMERO DE LA CLASIFICACIÓN DECIMAL UNIVERSAL
Número de la Clasificación Decimal Universal 331(091)
100 1# - ENTRADA PRINCIPAL--NOMBRE DE PERSONA
Nombre de persona Garrido, Fernando,
Fechas asociadas al nombre 1821-1883
9 (RLIN) 55672
245 10 - MENCIÓN DEL TÍTULO
Título Historia de las clases trabajadoras /
Mención de responsabilidad, etc. Fernando Garrido.
260 ## - PUBLICACIÓN, DISTRIBUCIÓN, ETC.
Lugar de publicación, distribución, etc. [Algorta (Vizcaya)] :
Nombre del editor, distribuidor, etc. Zero,
Fecha de publicación, distribución, etc. 1970-1971.
300 ## - DESCRIPCIÓN FÍSICA
Extensión 3 v. ;
Dimensiones 20 cm.
490 1# - MENCIÓN DE SERIE
Mención de serie Biblioteca promoción del pueblo. Serie P. ;
Designación de volumen o secuencia 24-25, 27
505 8# - NOTA DE CONTENIDO CON FORMATO
Nota de contenido con formato Contiene: I. El esclavo / prólogo de Emilio Castelar (194 p.) - II. El siervo / prólogo de José María Vinuesa Angulo (454 p.) - III. El proletario / prólogo de José Luis Rubio (306 p.)
650 #7 - PUNTO DE ACCESO ADICIONAL DE MATERIA--TÉRMINO DE MATERIA
Término de materia o nombre geográfico como elemento de entrada Trabajo-
Subdivisión de forma Historia
Fuente del encabezamiento o término
9 (RLIN) 147608
650 #4 - PUNTO DE ACCESO ADICIONAL DE MATERIA--TÉRMINO DE MATERIA
Término de materia o nombre geográfico como elemento de entrada Clase trabajadora-
Subdivisión de forma Historia.
9 (RLIN) 173614
700 1# - ENTRADA AGREGADA--NOMBRE PERSONAL
Nombre de persona Maluquer de Motes, Jordi,
Fechas asociadas al nombre 1946-
9 (RLIN) 75879
700 1# - ENTRADA AGREGADA--NOMBRE PERSONAL
Nombre de persona Castelar, Emilio,
Fechas asociadas al nombre 1832-1899
9 (RLIN) 36479
700 1# - ENTRADA AGREGADA--NOMBRE PERSONAL
Nombre de persona Vinuesa, José María.
9 (RLIN) 115343
700 0# - ENTRADA AGREGADA--NOMBRE PERSONAL
Nombre de persona Rubio, José Luis,
Fechas asociadas al nombre 1924-
9 (RLIN) 100353
830 1# - PUNTO DE ACCESO ADICIONAL DE SERIE-TÍTULO UNIFORME
Título uniforme Biblioteca promoción del pueblo. Serie P. ;
Designación de volumen o secuencia 24-25, 27
9 (RLIN) 183314
852 ## - LOCALIZACIÓN
Ubicación ES-MaACL
Número de control de estantería P-1819
Holdings
Estatus retirado Estado de pérdida Estado de daño No para préstamo Biblioteca de origen Biblioteca actual Ubicación en estantería Fecha de adquisición Fuente de adquisición Total de préstamos Signatura topográfica completa Código de barras Visto por última vez Precio de reemplazo Tipo de ítem Koha
        Biblioteca del Ateneo de Madrid Biblioteca del Ateneo de Madrid Depósito 2 17/01/2008     P-1819 1074078 23/02/2023 23/02/2023 Libro impreso